000 00257nam a22000857a 4500
008 160701b xxu||||| |||| 00| 0 eng d
100 _91747
_a Sharma, J.M
245 _aIntroducing New Type Tests in Mathematics
260 _aNew Delhi
_bAsha Prakas Publication
_c2003
999 _c1453
_d1453